000
00277nam a22001217a 4500
082
_a
001
_b
ENC/U
100
_a
ENCYCLOPEDIA BRITANICA
245
_a
ULTIMATEREFERENCE- TECHNOLOGY
246
_a
TECHNOLOGY
_b
TECHNOLOGY
520
_a
TECHNOLOGY
650
_a
TECHNOLOGY
942
_c
VM
999
_c
7829
_d
7829